| 000 | 00460nam a22001457a 4500 | ||
|---|---|---|---|
| 999 |
_c7773 _d7771 |
||
| 005 | 20210325121623.0 | ||
| 008 | 210325b ||||| |||| 00| 0 eng d | ||
| 082 | _a345.408 23 | ||
| 100 |
_aMANOHAR AND CHITALEY _96503 |
||
| 245 | _aTHE AIR MANUAL CIVIL AND CRIMINAL PENAL CODE [1860] SECTION 410, TO PREVENTION OF CORRUPTION ACT, [1988] VOL-39. | ||
| 260 |
_aNAGPUR _bTHE ALL INDIA REPORTER PVT.LTD. |
||
| 300 | _a1764,p | ||
| 650 |
_aLAW _95701 |
||
| 942 | _cJRL | ||